| 000 | 01386nam0a22002411 4500 | ||
|---|---|---|---|
| 001 | rc\2201486 | ||
| 005 | 20260407133028.0 | ||
| 035 | _a(NLR Aleph) 006511104 | ||
| 090 |
_a6331267 _c6331267 |
||
| 100 | _a20110829d1978 |||y0rusy50 ca | ||
| 101 | 0 | _arus | |
| 102 | _aRU | ||
| 105 | _aa z ||||| | ||
| 200 | 1 |
_aОрганизация энергетических служб в колхозах, совхозах и других сельскохозяйственных предприятиях и организациях _e(Рекомендации) _fВсерос. н.-и. и проект.-технол. ин-т механизации и электрификации сел. хоз-ва, Рост. обл. об-ние "Сельхозэнерго" |
|
| 210 |
_aЗерноград _c[Б. и.] _d1978 |
||
| 215 |
_a56 с. _cил. _d19 |
||
| 606 |
_aСельскохозяйственные предприятия _xЭнергетическое хозяйство _2psbo |
||
| 712 | 0 | 2 |
_aВсероссийский научно-исследовательский и проектно-технологический институт механизации и электрификации сельского хозяйства _cЗерноград _9487513 _3RU\NLR\AUTH\889995286 |
| 801 | 0 |
_aRU _bNLR _gpsbo |
|
| 801 | 1 |
_aRU _bELAR _2rusmarc |
|
| 852 |
_aNLR _j78-4/24267 |
||
| 942 | _cBOOK | ||
| 980 | _aNB | ||